Rovnanie tyčového materiálu 30-60 mm z húževnatých pružných ocelí : súpis literatúry /

Uložené v:
Podrobná bibliografia
Ďalší autori: Vančo, Jozef, 1916-1997 (Compiler)
Médium: Kniha
Jazyk:Slovak
Vydané: Košice : Štátna vedecká knižnica, 1963.
Vydanie:1. vyd.
ISBN: (brož.)
Fyzický popis: 12 s.
Tagy: Pridať tag
Žiadne tagy, Buďte prvý kto otaguje tento záznam!

MARC

LEADER 00000nam a2200000 a 4500
001 000152221
005 20101130164507.0
008 040101s1963 xo e slo d
020 |a (brož.)  |c Kčs 2,00 
040 |a SVKKK  |b slo  |c SVKKK  |e AACR2 
041 0 |a slo 
044 |a xo  |c SK 
245 0 0 |a Rovnanie tyčového materiálu 30-60 mm z húževnatých pružných ocelí :  |b súpis literatúry /  |c sprac. Jozef Vančo. 
250 |a 1. vyd. 
260 |a Košice :  |b Štátna vedecká knižnica,  |c 1963. 
300 |a 12 s. 
700 1 |a Vančo, Jozef,  |d 1916-1997  |4 com 
910 |a svkkk 
998 |a BK 
090 |g SCKHL  |k Sklad Pribinova 2. posch.  |a II.133882  |j 333274  |i 152221-10  |s Absenčne 
090 |g SCKHL  |k Sklad Pribinova 2. posch.  |a II0.5511  |j 016633  |i B207913  |s Absenčne